00981 a2200181 4500003000500000005001700005040000900022082001600031100001500047245010800062250001100170260003500181300002800216505041500244538003100659600001500690650009400705Nust20250923164816.0 cNust a621.384,REY aJ H Reyner aModern radio communication ;bfor the more advanced student covering the technique requiredcJ H Reyner a3rd ed aSir Isaac PitmanbLondonc1940 a255, 23 pbillusc19 cm aThe Radio Transmitter (Page-1), The Transmitting Aerial (Page-26), Feeders (Page-40), The Radio Receivers (Page-51), The Receiving Aerial (Page-131), Coupled Circuits (Page-144), Filters And Attenuators (Page-155), Commercial Radiotelephony (Page-174), Short Wave Operation (Page-182), Ultra Short Waves (Page-199), Measurements In Radio Communication (Page-207), Picture Transmission And Television (Page-224) aAlmirah No. 39 Shelf No. 3 aJ H Reyner aModern radio communication ;for the more advanced student covering the technique required